Economie des arts et de la culture (notice n° 1566557)
[ vue normale ]
| 000 -LEADER | |
|---|---|
| fixed length control field | 01802cam a2200145 4500500 |
| 005 - DATE AND TIME OF LATEST TRANSACTION | |
| control field | 20251214001916.0 |
| 041 ## - LANGUAGE CODE | |
| Language code of text/sound track or separate title | fre |
| 042 ## - AUTHENTICATION CODE | |
| Authentication code | dc |
| 100 10 - MAIN ENTRY--PERSONAL NAME | |
| Personal name | Mairesse, François |
| Relator term | author |
| 245 00 - TITLE STATEMENT | |
| Title | Economie des arts et de la culture |
| 260 ## - PUBLICATION, DISTRIBUTION, ETC. | |
| Name of publisher, distributor, etc. | Armand Colin,<br/> |
| Date of publication, distribution, etc. | 2015.<br/> |
| 520 ## - SUMMARY, ETC. | |
| Summary, etc. | Le discours économique s’immisce tous les jours davantage dans le monde de la culture, parfois au détriment de ce qui constitue la culture elle-même. Il importe donc, pour les professionnels de ce secteur, de comprendre les implications de la logique économique dans le domaine des arts et de la culture et de s’approprier ses codes pour la maîtriser. Cet ouvrage présente les principaux modes de raisonnement de la logique économique et de l’intervention publique. Un autre mécanisme, fondé sur le don, s’exerce sur chacun des domaines de la culture (arts de la scène, patrimoine, arts plastiques, livre, musique enregistrée, cinéma) qui font ici l’objet d’une analyse spécifique. Ces derniers connaissent actuellement des bouleversements considérables, liés notamment aux développements des technologies de l’information et de la communication, induisant de nouveaux modèles économiques comme la longue traîne ou le crowdfunding. À une époque où les théâtres, les bibliothèques et les musées sont de moins en moins souvent administrés par des artistes ou des scientifiques, où la culture, dans son ensemble, est pensée à partir de l’« économie de la créativité », il importe plus que jamais de s’interroger sur l’évolution de l’ensemble de ce secteur constitutif de notre humanité. |
| 700 10 - ADDED ENTRY--PERSONAL NAME | |
| Personal name | Rochelandet, Fabrice |
| Relator term | author |
| 856 41 - ELECTRONIC LOCATION AND ACCESS | |
| Uniform Resource Identifier | <a href="https://shs.cairn.info/economie-des-arts-et-de-la-culture--9782200277413?lang=fr&redirect-ssocas=7080">https://shs.cairn.info/economie-des-arts-et-de-la-culture--9782200277413?lang=fr&redirect-ssocas=7080</a> |
Pas d'exemplaire disponible.




Réseaux sociaux